Complex variables and the Laplace transform for engineers (Record no. 13856)

000 -LEADER
fixed length control field 00606nam a22002051 4500
001 - CONTROL NUMBER
control field 13856
003 - CONTROL NUMBER IDENTIFIER
control field BD-DhUET
008 - FIXED-LENGTH DATA ELEMENTS--GENERAL INFORMATION
fixed length control field 840622s1961 nyua b 000 0 eng
040 ## - CATALOGING SOURCE
Original cataloging agency DLC
Transcribing agency DLC
Modifying agency BD-DhUET
082 00 - DEWEY DECIMAL CLASSIFICATION NUMBER
Classification number 517.862
Item number LEP/1961
100 ## - MAIN ENTRY--PERSONAL NAME
Personal name LePage, Wilbur R.
245 10 - TITLE STATEMENT
Title Complex variables and the Laplace transform for engineers
250 ## - EDITION STATEMENT
Edition statement 1st ed.
260 ## - PUBLICATION, DISTRIBUTION, ETC. (IMPRINT)
Place of publication, distribution, etc. Bombay
Name of publisher, distributor, etc. McGraw-Hill
Date of publication, distribution, etc. 1961
300 ## - PHYSICAL DESCRIPTION
Extent xvi, 475 p.
Other physical details ill.
Dimensions 24 cm.
490 ## - SERIES STATEMENT
Series statement International series in pure and applied mathematics
504 ## - BIBLIOGRAPHY, ETC. NOTE
Bibliography, etc Includes bibliographies
650 #0 - SUBJECT ADDED ENTRY--TOPICAL TERM
Topical term or geographic name as entry element Calculus - Complex variables
942 ## - ADDED ENTRY ELEMENTS (KOHA)
Koha item type General Book
Holdings
Koha normalized classification for sorting Location (home branch) Lost status Copy number Piece designation (barcode) Koha item type Source of classification or shelving scheme Koha date last seen Shelving location Koha full call number Withdrawn status Price effective from Date acquired Damaged status Not for loan Sublocation or collection (holding branch)
517_862000000000000_LEP_1961Central Library, BUET 140116General Book 2015-03-05Circulation section517.862/LEP/1961 2015-03-052015-03-05  Central Library, BUET
517_862000000000000_LEP_1961Central Library, BUET 224385General Book 2015-03-05Circulation section517.862/LEP/1961 2015-03-052015-03-05  Central Library, BUET
517_862000000000000_LEP_1961Central Library, BUET 36374General Book 2015-03-07Circulation section517.862/LEP/1961 2015-03-072015-03-07  Central Library, BUET
517_862000000000000_LEP_1961Central Library, BUET 451027General Book 2015-03-07Circulation section517.862/LEP/1961 2015-03-072015-03-07  Central Library, BUET
517_862000000000000_LEP_1961Central Library, BUET 520963General Book 2015-03-07Circulation section517.862/LEP/1961 2015-03-072015-03-07  Central Library, BUET
517_862000000000000_LEP_1961Central Library, BUET 642659General Book 2015-03-07Circulation section517.862/LEP/1961 2015-03-072015-03-07  Central Library, BUET
517_862000000000000_LEP_1961Central Library, BUET 740115General Book 2015-03-07Circulation section517.862/LEP/1961 2015-03-072015-03-07  Central Library, BUET
517_862000000000000_LEP_1961Central Library, BUET 839671General Book 2015-03-07Circulation section517.862/LEP/1961 2015-03-072015-03-07  Central Library, BUET
517_862000000000000_LEP_1961Central Library, BUET 939670General Book 2015-03-07Circulation section517.862/LEP/1961 2015-03-072015-03-07  Central Library, BUET
517_862000000000000_LEP_1961Central Library, BUET 1042660General Book 2015-03-07Circulation section517.862/LEP/1961 2015-03-072015-03-07  Central Library, BUET
517_862000000000000_LEP_1961Central Library, BUET 1142661General Book 2015-03-09Circulation section517.862/LEP/1961 2015-03-092015-03-09  Central Library, BUET
517_862000000000000_LEP_1961Central Library, BUET 1251026General Book 2015-03-09Circulation section517.862/LEP/1961 2015-03-092015-03-09  Central Library, BUET
517_862000000000000_LEP_1961Central Library, BUET 132039General Book 2015-05-03Circulation section517.862/LEP/1961 2015-05-032015-05-03  Central Library, BUET
517_862000000000000_LEP_1961Central Library, BUET 146375General Book 2015-05-03Circulation section517.862/LEP/1961 2015-05-032015-05-03  Central Library, BUET
517_862000000000000_LEP_1961Central Library, BUET 152041General Book 2015-05-03Circulation section517.862/LEP/1961 2015-05-032015-05-03  Central Library, BUET
517_862000000000000_LEP_1961Central Library, BUET 162040General Book 2015-05-03Circulation section517.862/LEP/1961 2015-05-032015-05-03  Central Library, BUET